| 000 | 00583nam a2200277Ia 4500 | ||
|---|---|---|---|
| 005 | 20260401122043.0 | ||
| 008 | 008 250103s9999 xx 000 0 eng d | ||
| 020 | _a631208690 | ||
| 037 | _aTB | ||
| 040 | _aEDL | ||
| 040 | _beng | ||
| 040 | _cEDL | ||
| 041 | _2eng | ||
| 041 | _aeng | ||
| 084 | _a801.93 SIN | ||
| 084 | _qEDL | ||
| 245 | 0 | _aLiterary Theory: Reader | |
| 260 | _aMalden | ||
| 260 | _bBlackwell Publishers | ||
| 260 | _c2000 | ||
| 300 | _a360p | ||
| 942 | _cTB | ||
| 942 | _h801.93 SIN | ||
| 999 |
_c1844610 _d1844610 |
||